High end stereo, hifi & home cinema

Bibliographic Details
Other Authors: Turok, Andrej, 1961-2020 (Publishing director)
Format: Journal
Language:Slovak
Published: Bratislava Marko marketingová komunikácia 2008-2009
Subjects:

MARC

LEADER 00000cas a2200000 a 4500
001 vtls009341834
003 SK-MaSNL
005 20260228163620.0
008 081003d20082009xo br p 0 b0slo
022 |a 1337-8007 
035 |a (SVKBB)vtls000298281 
040 |a SVKBB  |b slo  |c SVKBB  |d SAVUK  |d SNK  |e AACR2 
041 0 |a slo 
044 |a xo  |c SK 
072 7 |a 621.39  |x Oznamovacia technika  |2 konspekt 
080 |a 621.397.45  |2 2011 
080 |a 050  |2 2011 
080 |a (051)-048.55  |2 2011 
210 0 |a High end  |b (Bratisl.) 
222 0 |a High end  |b (Bratislava) 
245 0 0 |a High end  |b stereo, hifi & home cinema 
260 |a Bratislava  |b Marko marketingová komunikácia  |c 2008-2009 
300 |a 2 zv.  |c 28 cm 
310 |a 6x ročne 
362 0 |a Roč. I, č. 9 (18.9.2008)-roč. II, č. 3 (máj/jún 2009) 
500 |a Šéfredaktor: 9/2008-3/2009, Andrej Turok 
500 |a Evidenčné číslo: MK SR: EV 4003/2008 
650 0 7 |a videotechnika  |2 SNKPH  |9 3583 
655 7 |a špecializované časopisy  |2 SNKPH  |9 70509 
700 1 |a Turok, Andrej,  |d 1961-2020  |4 pbd  |9 205882 
910 |a savuk 
999 |c 10013  |d 11943 
952 |0 0  |1 0  |4 0  |7 0  |8 0  |a SNK  |b SNK  |d 2018-11-23  |i snk2018/24705  |l 0  |o snkČSB 6877/1/2008  |p 17A1341341  |r 2026-02-21 22:06:23  |t č. 9, 11  |w 2026-02-21  |y PREZ 
952 |0 0  |1 0  |4 0  |7 0  |8 0  |a SNK  |b SNK  |d 2018-11-23  |i snk2018/25039  |l 0  |o snkČSB 6877/1/2008 D1  |p 17A1341340  |r 2026-02-21 22:06:23  |t č. 9, 11  |w 2026-02-21  |y PREZ 
952 |0 0  |1 0  |4 0  |7 0  |8 0  |a SNK  |b SNK  |d 2018-11-23  |i snk2018/25095  |l 0  |o snkČSB 6877/2/2009  |p 17A1341339  |r 2026-02-21 22:06:23  |t č. 1-3  |w 2026-02-21  |y PREZ 
952 |0 0  |1 0  |4 0  |7 0  |8 0  |a SNK  |b SNK  |d 2018-11-23  |i snk2018/25101  |l 0  |o snkČSB 6877/2/2009 D1  |p 17A1341338  |r 2026-02-21 22:06:24  |t č. 1-3  |w 2026-02-21  |y PREZ